Biblioteca

Interpreting the Pauline Epistles (Registro nro. 66254)

Detalles MARC
000 -LÍDER
Campo fijo de descripción fija 01302aam a2200325 i 4500
001 - NÚMERO DE CONTROL
Campo de control 768714001
003 - IDENTIFICADOR DEL NÚMERO DE CONTROL
Campo de control CO-MdFUSB
005 - FECHA Y HORA DE LA ULTIMA TRANSACCIÓN
control field 20210522102655.0
007 - CAMPO FIJO DE DESCRIPCIÓN FIJA--INFORMACIÓN GENERAL
Campo fijo de descripción fija ta
008 - ELEMENTOS DE LONGITUD FIJA -- INFORMACIÓN GENERAL
Campo fijo de descripción fija -- Información general 200624t1990 -usa|||| |||| 00| 0 eng d
020 ## - NÚMERO INTERNACIONAL NORMALIZADO PARA LIBROS
Número Internacional Normalizado del libro 0801083028
040 ## - FUENTE DE CATALOGACIÓN
Idioma de catalogación spa.
Agencia de catalogación original CO-MdFUSB
Agencia que realiza la transcripción CO-MdFUSB
Agencia que realiza la modificación CO-MdFUSBC
Convenciones de la descripción rda
041 ## - CÓDIGO DE IDIOMA
Código de idioma para texto/pista de sonido o título separado eng
082 04 - NÚMERO DE CLASIFICACIÓN DECIMAL DEWEY
Número de la edición del Dewey 23
Número de clasificación 227.07
Clave de autor-Numero de item S378
100 1# - ASIENTO PRINCIPAL--NOMBRE PERSONAL
Nombre personal Schreiner, Thomas R.
Término relacionador autor
245 10 - TÍTULO
Título del Material Interpreting the Pauline Epistles
Mención de responsabilidad, etc. / Thomas R. Schreiner
264 #1 - PRODUCCIÓN, PUBLICACIÓN, DISTRIBUCIÓN, MANUFACTURA, Y COPYRIGHT
Lugar de producción, publicación, distribución, manufactura Grand Rapids, Mich. :
Nombre del productor, publicador, distribuidor Baker Book House,
Fecha de producción, publicación, distribución, manufactura, o copyright [1990]
264 #4 - PRODUCCIÓN, PUBLICACIÓN, DISTRIBUCIÓN, MANUFACTURA, Y COPYRIGHT
Fecha de producción, publicación, distribución, manufactura, o copyright © 1990
300 ## - DESCRIPCIÓN FÍSICA
Extensión 167 páginas. :
Otros detalles físicos ilustraciones
Dimensiones ; 22 cm
336 ## - TIPO DE CONTENIDO
Fuente rdacontent
Término de tipo de contenido texto
Código de tipo de contenido txt
337 ## - TIPO DE MEDIO
Fuente rdamedia
Nombre del tipo de medio sin mediación
Código del tipo de medio n
338 ## - TIPO DE SOPORTE
Fuente rdacarrier
Nombre del tipo de soporte volumen
Código Tipo de soporte nc
490 ## - MENCIÓN DE SERIE
Mención de serie Guides to New Testament exegesis,
505 ## - NOTA DE CONTENIDO
Nota de contenido con formato preestablecido Comprender la naturaleza de las letras - Hacer críticas textuales - Traducir y analizar la letra - Investigar cuestiones históricas e introductorias - Diagramar y realizar un análisis gramatical - Trazar el argumento - Hacer estudios léxicos - Probar el contexto teológico - Delineando el significado de las cartas de Pablo.
563 ## - NOTA DE ENCUADERNACIÓN
Nota de encuadernación Rústico
630 #7 - TITULO UNIFORME
Título uniforme Biblia.
Nombre de parte o sección de la obra Epístolas Paulinas
Subdivisión de materia general Crítica, interpretación, etc.
942 ## - TIPO DE MATERIAL (KOHA)
Tipo de Item KOHA Libros General
945 ## - INFORMACIÓN LOCAL DEL REGISTRO
Catalogador JTF-925
Existencias
Estado de Material Estado de Perdido Volumen-Parte/Tomo Estado de Dañado No para Préstamo Colección Tomo Biblioteca de Origen Biblioteca Permanente Fecha de Adquisición Total de Préstamos Signatura Topográfica Código de Barras Última vez visto Ejemplar/Existencia Fecha de Remplazo Tipo de Material Forma de Clasificación Área
          Colección Esendek   Biblioteca FUSBC Biblioteca FUSBC 02/09/2009   E 227 S3786 23574 12/12/2019 1 26/01/2016 Libros General    
          Colección General   Biblioteca FUSBC Biblioteca FUSBC 24/06/2020   G 227.07 S378i 10222 24/06/2020 Ej.1 24/06/2020 Libros General Dewey Decimal Classification BIBLIA

Biblioteca FUSBC | Teléfono: (57+4) 349 88 10 Ext. 141| WhatsApp (+57) 3005338115 
E-mail: biblioteca@unisbc.edu.co | Calle 76 87-14 Robledo Palenque, Medellín, Colombia

Con tecnología Koha